01042cam a2200229 a 4500001001000000003000600010005001700016008004100033020003000074020002700104035002100131040004000152082001800192100002100210245006600231260004600297300002400343504006500367505015300432520020000585650002700785276274659OCoLC20250204101942.0081119s2009 tnu b 001 0 eng  a9780849900068 (hardcover) a0849900069 (hardcover) a(OCoLC)276274659 aDLCcDLCdYDXdYDXCPdBURdCQUdMZN a289.94bHAN 11 aHanegraaff, Hank10aChristianity in crisis :bthe 21st century /cHank Hanegraaff aNashville, Tenn. :bThomas Nelson,cc2009 axx, 427 p. ;c25 cm aIncludes bibliographical references (p. 356-427) and indexes0 aTurning truth into mythology -- Faith in faith -- Little gods -- Atonement atrocities -- Wealth and want -- Sickness and suffering -- Back to basics aHanegraaff attacks the Faith movement as contradictory to Biblical teaching, including numerous well-known megachurch leaders and televangelists, as well as Creative Visualization and New Thought 0aFaith movement (Hagin)